Metodología de la investigación
Saved in:
| Hovedforfatter: | |
|---|---|
| Format: | Bog |
| Sprog: | spansk |
| Udgivet: |
Buenos Aires
Kapelusz
1993
|
| Serier: | Biblioteca de Cultura Pedagógica
|
| Fag: | |
| Tags: |
Tilføj Tag
Ingen Tags, Vær først til at tagge denne postø!
|
MARC
| LEADER | 00000nam a2200000 a 4500 | ||
|---|---|---|---|
| 001 | UCZ2715 | ||
| 003 | CL-VaPUC | ||
| 008 | 951005e19930000AG |||||||||||||||||spa|d | ||
| 082 | 0 | 4 | |a 001.42 |b AST |2 21 |
| 100 | 0 | |a Asti Vera, Armando |e author |9 346478 | |
| 245 | 1 | 0 | |a Metodología de la investigación |
| 300 | |a 191 p | ||
| 942 | |c BK | ||
| 945 | |d 19951005 00:00:00 |a aalvarez | ||
| 260 | |a Buenos Aires |b Kapelusz |c 1993 | ||
| 650 | 0 | |a Investigación científica |9 259857 | |
| 650 | 7 | |a METODOLOGIA CIENTIFICA |2 CL-VaPUC |9 261770 | |
| 583 | |a last modification |c 19951005 00:00:00 |k Rodrigo Vera | ||
| 490 | 0 | |a Biblioteca de Cultura Pedagógica | |
| 999 | |c 239272 |d 239270 | ||
| 952 | |0 0 |1 0 |4 0 |6 001_420000000000000_AST_1993 |7 0 |8 A |9 250303 |a BIBTEO |b BIBTEO |d 2019-11-18 |i 3140830 |l 1 |o 001.42 AST 1993 |p 3140830 |r 2025-01-17 |s 2024-09-23 |w 2019-11-18 |y BK |k ICR | ||